[Event "Zhukovsky op"]
[Site "Zhukovsky"]
[Date "2011.02.22"]
[Round "6"]
[White "Leschenko, Wjatcheslaw"]
[Black "Shvetzov, Mikhail"]
[Result "0-1"]
[WhiteElo "1649"]
[BlackElo "1788"]
[PlyCount "120"]
[EventDate "2011.02.17"]
[EventType "swiss"]
[EventRounds "9"]
[EventCountry "RUS"]
[SourceTitle "CBM 141 Extra"]
[Source "ChessBase"]
[SourceDate "2011.05.03"]
[SourceVersion "1"]
[SourceVersionDate "2011.05.03"]
[SourceQuality "1"]

1. Nf3 Nf6 2. e3 g6 3. c4 Bg7 4. Nc3 0-0 5. b3 d6 6. Bb2 e5 7. Be2 Nc6 8. 0-0 h6 9. d4 exd4 10. Nxd4 Nxd4 11. Qxd4 Ng4 12. Qd2 Qh4 13. Bxg4 Bxg4 14. f3 Bc8 15. Nd5 Qd8 16. Bxg7 Kxg7 17. Rad1 f6 18. e4 Be6 19. Qe3 Rf7 20. Nf4 Qe7 21. Rd2 b6 22. Re1 Re8 23. Ne2 Bc8 24. Nc3 Qf8 25. Qd3 Bb7 26. f4 Kh7 27. Re3 Qg7 28. Ne2 Rfe7 29. Ng3 f5 30. Rde2 fxe4 31. Nxe4 Rxe4 32. Rxe4 Rxe4 33. Rxe4 Bxe4 34. Qxe4 Qa1+ 35. Kf2 Qxa2+ 36. Qe2 Qxe2+ 37. Kxe2 Kg7 38. Ke3 Kf6 39. Ke4 c6 40. g4 a6 41. Kd4 h5 42. h3 h4 43. Ke4 a5 44. Kd4 b5 45. cxb5 cxb5 46. Kd5 a4 47. bxa4 bxa4 48. Kc4 a3 49. Kb3 a2 50. Kxa2 Ke6 51. Kb3 Kd5 52. Kc3 Ke4 53. f5 gxf5 54. g5 Ke5 55. Kd3 f4 56. Ke2 Kf5 57. g6 Kxg6 58. Kd3 Kf5 59. Kd4 d5 60. Kxd5 f3 0-1

[Event "Zhukovsky op-B 05"]
[Site "Zhukovsky"]
[Date "2010.05.14"]
[Round "3"]
[White "Ershov, Aleksey"]
[Black "Shvetzov, Mikhail"]
[Result "1/2-1/2"]
[WhiteElo "1771"]
[BlackElo "1770"]
[PlyCount "107"]
[EventDate "2010.05.14"]
[EventType "swiss"]
[EventRounds "9"]
[EventCountry "RUS"]
[SourceTitle "EXT 2022"]
[Source "ChessBase"]
[SourceDate "2021.10.06"]
[SourceVersion "1"]
[SourceVersionDate "2021.10.06"]
[SourceQuality "1"]

1. e4 c5 2. Nf3 d6 3. d4 cxd4 4. Nxd4 Nf6 5. Nc3 g6 6. Be3 Bg7 7. f3 0-0 8. Qd2 Nc6 9. 0-0-0 d5 10. Nxc6 bxc6 11. exd5 Nxd5 12. Nxd5 cxd5 13. Qxd5 Qc7 14. Qc5 Qb7 15. Bd4 Bf5 16. Qa3 Rfc8 17. Bd3 e5 18. Bxf5 gxf5 19. Bc3 Rab8 20. Qa5 Qc6 21. Rd5 Bh6+ 22. Kb1 Qxc3 23. Rd8+ Rxd8 24. Qxc3 Bg7 25. Qa5 e4 26. b3 e3 27. Qxf5 e2 28. Kc1 Re8 29. Qa5 Rbd8 30. g3 Bd4 31. f4 h6 32. c4 Bf2 33. Qh5 e1Q+ 34. Rxe1 Rxe1+ 35. Kc2 Re6 36. Qf3 Bd4 37. b4 Re3 38. Qg4+ Bg7 39. c5 Rc3+ 40. Kb1 Rc4 41. a3 Rc3 42. f5 Rd4 43. Qe2 Rb3+ 44. Ka2 Rbd3 45. Qe8+ Kh7 46. c6 Rc4 47. f6 Rc2+ 48. Kb1 Rcd2 49. Qxf7 Rd1+ 50. Kc2 R1d2+ 51. Kc1 Rd1+ 52. Kc2 R1d2+ 53. Kc1 Rd1+ 54. Kc2 1/2-1/2

[Event "Ramenskoe"]
[Site "Ramenskoe"]
[Date "2010.04.??"]
[Round "1"]
[White "Shvetzov, Mikhail"]
[Black "Rybakov, Sergey1111"]
[Result "0-1"]
[WhiteElo "1801"]
[BlackElo "2207"]
[PlyCount "62"]
[EventDate "2010.04.??"]
[EventType "swiss"]
[EventRounds "9"]
[EventCountry "RUS"]
[SourceTitle "EXT 2012"]
[Source "ChessBase"]
[SourceDate "2011.11.24"]
[SourceVersion "1"]
[SourceVersionDate "2011.11.24"]
[SourceQuality "1"]

1. f4 e5 2. e4 exf4 3. Nf3 d6 4. Nc3 Nc6 5. d4 g5 6. h4 g4 7. Ng5 h6 8. Nxf7 Kxf7 9. Bc4+ Kg7 10. Bxf4 Be7 11. 0-0 Bf6 12. Be3 Na5 13. Bd3 Bxh4 14. Qd2 Bd7 15. Nd5 Nc6 16. e5 dxe5 17. dxe5 Bg3 18. Nf6 Nxf6 19. Rxf6 Nxe5 20. Raf1 Qxf6 21. Rxf6 Kxf6 22. Bd4 h5 23. Qe3 h4 24. Qe4 Rae8 25. Qg6+ Ke7 26. Qg5+ Kd6 27. Qf6+ Be6 28. Bf5 Rhf8 29. Bxe5+ Bxe5 30. Qxh4 Rxf5 31. Qe1 Bd4+ 0-1

[Event "Zhukovsky op-B"]
[Site "Zhukovsky"]
[Date "2010.01.??"]
[Round "3"]
[White "Shvetzov, Mikhail"]
[Black "Kuznetsov, Yuriy"]
[Result "1/2-1/2"]
[WhiteElo "1781"]
[BlackElo "1760"]
[PlyCount "32"]
[EventDate "2010.01.??"]
[EventType "swiss"]
[EventRounds "7"]
[EventCountry "RUS"]
[SourceTitle "EXT 2012"]
[Source "ChessBase"]
[SourceDate "2011.11.24"]
[SourceVersion "1"]
[SourceVersionDate "2011.11.24"]
[SourceQuality "1"]

1. c4 c5 2. Nc3 Nc6 3. Nf3 Nf6 4. g3 g6 5. Bg2 Bg7 6. 0-0 0-0 7. b3 b6 8. Bb2 Bb7 9. d3 d6 10. e4 e5 11. Nd5 Nd4 12. Nxd4 exd4 13. f4 Nxd5 14. exd5 f5 15. Qf3 Qf6 16. Rfe1 Rfe8 1/2-1/2

[Event "Zhukovsky op-B"]
[Site "Zhukovsky"]
[Date "2009.01.??"]
[Round "3"]
[White "Kuznetsov, Yuriy"]
[Black "Shvetzov, Mikhail"]
[Result "1/2-1/2"]
[WhiteElo "1775"]
[BlackElo "1806"]
[PlyCount "88"]
[EventDate "2009.01.??"]
[EventType "swiss"]
[EventRounds "7"]
[EventCountry "RUS"]
[SourceTitle "EXT 2012"]
[Source "ChessBase"]
[SourceDate "2011.11.24"]
[SourceVersion "1"]
[SourceVersionDate "2011.11.24"]
[SourceQuality "1"]

1. d4 Nf6 2. c4 g6 3. Nc3 Bg7 4. e4 d6 5. f3 0-0 6. Nge2 e5 7. dxe5 dxe5 8. Qxd8 Rxd8 9. Nd5 Nxd5 10. cxd5 c6 11. Nc3 f6 12. Be3 Bd7 13. Bc4 Kh8 14. Rc1 Bf8 15. a3 c5 16. Bb5 a6 17. Bxd7 Nxd7 18. Ke2 Rac8 19. b3 Bd6 20. Rc2 Rc7 21. Rhc1 Rdc8 22. Na4 b5 23. Nb2 Kg7 24. a4 Kf7 25. Kd1 Ke7 26. axb5 axb5 27. Ra1 Rb7 28. Rcc1 h5 29. Ra6 Rb6 30. Rca1 Rcb8 31. Rxb6 Rxb6 32. Ra7 Kd8 33. Kc2 Kc8 34. Nd3 c4 35. Nb2 cxb3+ 36. Kxb3 Nc5+ 37. Kc2 Rb7 38. Bxc5 Bxc5 39. Rxb7 Kxb7 40. Kb3 Kb6 41. Nd3 Bd6 42. Nb4 Kc5 43. Nc6 Kb6 44. Nd8 Kc7 1/2-1/2

[Event "Zhukovsky op-A"]
[Site "Zhukovsky"]
[Date "2008.11.28"]
[Round "2"]
[White "Shvetzov, Mikhail"]
[Black "Shkolyar, Arkadiy"]
[Result "0-1"]
[WhiteElo "1802"]
[BlackElo "1961"]
[PlyCount "54"]
[EventDate "2008.11.28"]
[EventType "swiss"]
[EventRounds "9"]
[EventCountry "RUS"]
[SourceTitle "EXT 2022"]
[Source "ChessBase"]
[SourceDate "2021.10.06"]
[SourceVersion "1"]
[SourceVersionDate "2021.10.06"]
[SourceQuality "1"]

1. e4 e5 2. Nf3 Nc6 3. Bb5 a6 4. Ba4 b5 5. Bb3 Bb7 6. 0-0 Nf6 7. Re1 Be7 8. c3 d6 9. d4 Na5 10. Bc2 exd4 11. cxd4 0-0 12. Nbd2 h6 13. e5 Nh7 14. Ne4 dxe5 15. Nxe5 Qd5 16. Qg4 Bc8 17. Qg3 Kh8 18. Bd2 b4 19. a3 b3 20. Bxa5 bxc2 21. Rac1 Qxa5 22. Nc6 Qb6 23. Nxe7 Qxb2 24. Qxc7 Qxd4 25. Qxc2 Bb7 26. Nf5 Qd5 27. Rcd1 Qxf5 0-1